History and society during the Mamluk period (1250-1517): Studies of the Annemarie Schimmel Institute for Advanced Study II/ (Record no. 60486)
| 000 -BAŞLIK | |
|---|---|
| Sabit Uzunluktaki Kontrol Alanı | 01371nam a22003857a 4500 |
| 001 - KONTROL NUMARASI | |
| Control Dosyası | 0060685 |
| 003 - KONTROL NUMARASI KİMLİĞİ | |
| Kontrol Alanı | KOHA_MİRAKIL |
| 005 - EN SON İŞLEM TARİHİ ve ZAMANI | |
| Kontrol Alanı | 20260207004307.0 |
| 007 - FİZİKSEL TANIM SABİT ALAN - GENEL BİLGİ | |
| Sabit uzunluklu kontrol alanı | ta |
| 008 - SABİT UZUNLUKTAKİ VERİ ÖGELERİ - GENEL BİLGİ | |
| Sabit Alan | 170912b2014 xx a|||gr||||#||||0|eng | |
| 020 ## - ISBN - ULUSLARARASI STANDART KİTAP NUMARASI | |
| Isbn | 9783847106203 |
| 020 ## - ISBN - ULUSLARARASI STANDART KİTAP NUMARASI | |
| Kullanılabilirlik koşulları | 185,57 |
| 040 ## - KATALOGLAMA KAYNAĞI | |
| Özgün Kataloglama Kurumu | TR-BiSEU |
| Kataloglama Dili | tur |
| Çeviri Kurumu | TR-BiSEU |
| Açıklama Kuralları | rda |
| 041 0# - DİL KODU | |
| Metin ya da ses kaydının dil kodu | eng |
| 050 ## - SINIFLAMA ve YER NUMARASI | |
| Sınıflama Numarası | DT96 |
| Yer Numarası | .H57 2014 |
| 245 0# - ESER ADI BİLDİRİMİ | |
| Başlık | History and society during the Mamluk period (1250-1517): Studies of the Annemarie Schimmel Institute for Advanced Study II/ |
| Sorumluluk Bildirimi | Edited by Stephan Conermann. |
| 264 #1 - ÜRERİM, YAYIN, DAĞITIM ve TELİF BİLDİRİMİ | |
| Yayın yeri | Göttingen : |
| Yayınlayan | V&R unipress |
| Yayın tarihi | 2014 |
| 300 ## - FİZİKSEL TANIMLAMA | |
| Sayfa, Cilt vb. | 251 page : |
| Diğer fiziki detaylar | 31 figur (partly col.) ; |
| Boyutları | 24 cm. |
| 336 ## - İÇERİK TÜRÜ | |
| Content type term | metin |
| Content type code | txt |
| Source | rdacontent |
| 337 ## - MEDYA TÜRÜ | |
| Media type term | aracısız |
| Media type code | n |
| Source | rdamedia |
| 338 ## - TAŞIYICI TÜRÜ | |
| Carrier type term | cilt |
| Carrier type code | nc |
| Source | rdacarrier |
| 490 1# - DİZİ BİLDİRİMİ | |
| Dizi Bildirimi | Mamluk studies ; |
| Cilt Numarası | v. |
| 490 1# - DİZİ BİLDİRİMİ | |
| Dizi Bildirimi | 12 Studies of the Annemarie Schimmel Research College ; |
| Cilt Numarası | II |
| 500 ## - GENEL NOT | |
| Genel Not | Includes bibliographical references. |
| 500 ## - GENEL NOT | |
| Genel Not | |
| 650 #0 - KONU BAŞLIĞI EK GİRİŞ - KONU TERİMİ | |
| Konusal terim veya coğrafi ad | Mamelukes. |
| 9 (RLIN) | 99320 |
| 650 #0 - KONU BAŞLIĞI EK GİRİŞ - KONU TERİMİ | |
| Konusal terim veya coğrafi ad | Egypt--History--1250-1517. |
| 9 (RLIN) | 28224 |
| 650 #0 - KONU BAŞLIĞI EK GİRİŞ - KONU TERİMİ | |
| Konusal terim veya coğrafi ad | Syria--History--1250-1517. |
| 9 (RLIN) | 111994 |
| 650 #0 - KONU BAŞLIĞI EK GİRİŞ - KONU TERİMİ | |
| Konusal terim veya coğrafi ad | Memlûkler. |
| 9 (RLIN) | 111989 |
| 650 #0 - KONU BAŞLIĞI EK GİRİŞ - KONU TERİMİ | |
| Konusal terim veya coğrafi ad | Mısır--Tarihçe--1250-1517. |
| 9 (RLIN) | 111992 |
| 650 #0 - KONU BAŞLIĞI EK GİRİŞ - KONU TERİMİ | |
| Konusal terim veya coğrafi ad | Suriye--Tarihçe--1250-1517. |
| 9 (RLIN) | 111995 |
| 830 1# - SERİ EK GİRİŞİ - TEKBİÇİM ESER ADI | |
| Tekbiçim Başlık | Mamluk studies ; |
| Volume number/sequential designation | v. |
| 9 (RLIN) | 111993 |
| 830 1# - SERİ EK GİRİŞİ - TEKBİÇİM ESER ADI | |
| Tekbiçim Başlık | 12 Studies of the Annemarie Schimmel Research College ; |
| Volume number/sequential designation | II |
| 9 (RLIN) | 111996 |
| 942 ## - EK GİRİŞ ÖGELERİ (KOHA) | |
| Source of classification or shelving scheme | Library of Congress Classification |
| Koha item type | Book |
| Materyal Türü | Kalıcı Konum | Mevcut Konum | Raf Yeri | Sınıflandırma Kaynağı | Edinim Bilgisi | Ana Konular | Alt Konular | Yer Numarası | Demirbaş Numarası | Fatura Tarihi | Geri Çekilme Durumu | Kayıp Durumu | Hasarlı Durumu | Kredi için değil | Kayıt Tarih | Toplam Ödünçverme | Son Görülme Tarihi | Son Kontrol Tarihi |
|---|---|---|---|---|---|---|---|---|---|---|---|---|---|---|---|---|---|---|
| Book | Prof. Dr. Azmi Özcan Kütüphanesi | Prof. Dr. Azmi Özcan Kütüphanesi | Uluğbey Salonu | Library of Congress Classification | Satın | DÜNYA TARİHİ (AVRUPA, ASYA, AFRİKA VB.) | Afrika | DT96 .H57 2014 | 0060685 | 02/02/2026 | 12/09/2017 | 05/12/2024 | 05/12/2024 |
